[Event "Voronezh op-A 11th"]
[Site "Voronezh"]
[Date "2007.06.20"]
[Round "8"]
[White "Bykov, Oleg"]
[Black "Bezgodova, Svetlana"]
[Result "0-1"]
[WhiteElo "2303"]
[BlackElo "2251"]
[PlyCount "78"]
[EventDate "2007.06.12"]
[EventType "swiss"]
[EventRounds "9"]
[EventCountry "RUS"]
[SourceTitle "CBM 118 Extra"]
[Source "ChessBase"]
[SourceDate "2007.07.04"]
[SourceVersion "1"]
[SourceVersionDate "2007.07.04"]
[SourceQuality "1"]

1. e4 e5 2. Nf3 Nc6 3. Bb5 a6 4. Ba4 Nf6 5. 0-0 Be7 6. Re1 b5 7. Bb3 d6 8. c3 0-0 9. h3 Na5 10. Bc2 c5 11. d4 Bb7 12. Nbd2 cxd4 13. cxd4 exd4 14. Nf1 Re8 15. Ng3 Bf8 16. Nxd4 d5 17. e5 Ne4 18. a4 b4 19. Bf4 Nc4 20. f3 Qh4 21. Nde2 Bc5+ 22. Kh2 Nf2 23. Qc1 Nxe5 24. Bxe5 Rxe5 25. Bxh7+ Kxh7 26. Qxc5 Nd3 27. Qc2 Qc4 28. Qb1 Rc8 29. Rd1 Re3 30. Nc1 Qxc1 31. Rxc1 Rxc1 32. Qa2 Rc2 33. Rd1 b3 34. Qa3 d4 35. Qf8 Rxf3 36. Nh5 Rg3 37. Nf6+ gxf6 38. Kxg3 Rxg2+ 39. Kh4 Ne5 0-1

[Event "Voronezh op-A 11th"]
[Site "Voronezh"]
[Date "2007.06.15"]
[Round "4"]
[White "Bykov, Oleg"]
[Black "Magrifin, Iljanur"]
[Result "1-0"]
[WhiteElo "2303"]
[BlackElo "2227"]
[PlyCount "74"]
[EventDate "2007.06.12"]
[EventType "swiss"]
[EventRounds "9"]
[EventCountry "RUS"]
[SourceTitle "CBM 118 Extra"]
[Source "ChessBase"]
[SourceDate "2007.07.04"]
[SourceVersion "1"]
[SourceVersionDate "2007.07.04"]
[SourceQuality "1"]

1. e4 c5 2. Nf3 Nc6 3. d4 cxd4 4. Nxd4 g6 5. Be3 Bg7 6. Nc3 Nf6 7. Bc4 Qa5 8. 0-0 0-0 9. Qe2 d6 10. h3 Bd7 11. Rad1 Rac8 12. Bb3 a6 13. f4 Qh5 14. Nf3 Be8 15. Qf2 Na5 16. e5 dxe5 17. fxe5 Nd7 18. e6 Nf6 19. Nd5 Bb5 20. Nxe7+ Kh8 21. Nxc8 fxe6 22. Nd6 Bxf1 23. Rxf1 Nxb3 24. axb3 Qd5 25. Qd2 b5 26. Ng5 Kg8 27. Qxd5 Nxd5 28. Rxf8+ Bxf8 29. Bc5 e5 30. Kf2 Be7 31. Nde4 Bd8 32. Nf3 Bc7 33. b4 h6 34. c3 Kf7 35. Be3 g5 36. Nc5 Bb6 37. Nxe5+ Ke7 1-0